| Tag |
First Indicator |
Second Indicator |
Subfields |
| LEADER |
00000pam a2200000 a 4500 |
| 001 |
in00000372521 |
| 005 |
20151011093658.0 |
| 008 |
821118s1983 nyua 00110aeng |
| 010 |
|
|
|a 82045349
|
| 020 |
|
|
|a 0385182694 :
|c $16.95
|
| 035 |
|
|
|a (OCoLC)09045059
|
| 035 |
|
|
|9 ABQ9979AM
|
| 039 |
0 |
|
|a 2
|b 3
|c 3
|d 3
|e 3
|
| 040 |
|
|
|a DLC
|c DLC
|d TXA
|d UtOrBLW
|
| 043 |
|
|
|a n-us---
|
| 049 |
|
|
|a TXAM
|c [1118736]
|
| 050 |
0 |
0 |
|a PN4874.B796
|b A36 1983
|
| 082 |
0 |
|
|a 070/.92/4
|a B
|2 19
|
| 100 |
1 |
|
|a Buckley, William F.,
|c Jr.,
|d 1925-2008.
|
| 245 |
1 |
0 |
|a Overdrive :
|b a personal documentary /
|c William F. Buckley, Jr.
|
| 250 |
|
|
|a 1st ed.
|
| 264 |
|
1 |
|a Garden City, N.Y. :
|b Doubleday,
|c 1983.
|
| 300 |
|
|
|a 262 pages :
|b illustrations ;
|c 22 cm.
|
| 336 |
|
|
|a text
|b txt
|2 rdacontent
|
| 337 |
|
|
|a unmediated
|b n
|2 rdamedia
|
| 338 |
|
|
|a volume
|b nc
|2 rdacarrier
|
| 500 |
|
|
|a Includes index.
|
| 600 |
1 |
0 |
|a Buckley, William F.,
|c Jr.,
|d 1925-2008.
|
| 650 |
|
0 |
|a Journalists
|z United States
|v Biography.
|
| 999 |
|
|
|a MARS
|
| 999 |
f |
f |
|s c7e1e423-7371-3b1a-b787-de11f4c9f18c
|i 63b86141-6c57-3b07-b093-0f275c3cb77c
|t 0
|
| 952 |
f |
f |
|p ric
|a Texas A&M University
|b Rellis Campus
|c Joint Library Facility
|d Remote Storage
|t 0
|e PN4874.B796 A36 1983
|h Library of Congress classification
|i unmediated -- volume
|m A14807522246
|
| 998 |
f |
f |
|a PN4874.B796 A36 1983
|t 0
|l Remote Storage
|